000 00502nam a2200193Ia 4500
005 20250423095321.0
008 250422s9999 xx 000 0 und d
020 _a0205350291
050 _aLC 3981 .H34/
100 _aHallahan, Daniel P.
245 0 _aExceptional learners : introduction to special education
250 _a9th ed.
260 _aBoston
260 _bAllyn and Bacon
260 _c2003
300 _a591 p
650 _aSpecial education_United States |9 388877
942 _cBK
999 _c29907
_d29907